000 00862cab a2200265 4500
001 ABS55182
008 090401t1996 xxu||||| |||| 00| 0 eng d
035 _a(Sirsi) u14692
041 _aeng
100 _aSmit, J.
245 _aHome and a way
260 _c1996
350 _a0
490 _aBuilding
_vProcurement Supplement May 1996, 4-6(3)
520 _aExamines briefly housing associations` procurement methods. Looks at the impact of housing associations` design-and-build approach on the contractors. Case studies demonstrate use of fee management and the design and construct approach.
650 _aDESIGN AND BUILD
650 _aDESIGN AND CONSTRUCT
650 _aFEE MANAGEMENT
650 _aHOUSING ASSOCIATIONS
650 _aProcurement-old
650 _aSOCIAL HOUSING
690 _aHOUSING
942 _n0
948 _c04/03/1997
999 _c9587
_d9587